| 000 | 00849nam a2200313 i 4500 | ||
|---|---|---|---|
| 999 |
_c65253 _d65253 |
||
| 001 | 768714001 | ||
| 003 | CO-MdFUSB | ||
| 005 | 20191023160605.0 | ||
| 008 | 190926t2002 sp |||| |||| 00| 0 spa d | ||
| 020 | _a8426113737 | ||
| 040 |
_aCO-MdFUSB _bspa _cCO-MdFUSB _dCO-MdFUSBC _erda |
||
| 041 | _aspa | ||
| 082 |
_223 _aG 891.733 _bT654 |
||
| 100 |
_aTolstoi, León. _eautor |
||
| 245 |
_aResurrección _c/ León Tolstoi |
||
| 250 | _aTercera edición | ||
| 264 | 1 |
_aBarcelona, España : _bJuventud, _c[2002] |
|
| 264 | 4 | _c© 2002 | |
| 300 |
_a516 páginas _c; 18 cm |
||
| 336 |
_2rdacontent _atexto _btxt |
||
| 337 |
_2rdamedia _asin mediación _bn |
||
| 338 |
_2rdacarrier _avolumen _bnc |
||
| 490 | _aLibros de bolsillo Z | ||
| 563 | _aRústico | ||
| 653 | _aLiteratura rusa | ||
| 653 | _aNovela rusa | ||
| 942 | _cBK | ||
| 945 | _aJTF-925 | ||